The education of Mrs. Henry Adams /

Bibliographic Details
Main Author: Kaledin, Eugenia
Format: Book
Language:English
Published: Philadelphia : Temple University Press, 1981.
Series:American civilization.
Subjects:

MARC

Tag First Indicator Second Indicator Subfields
LEADER 00000pam a2200000 a 4500
001 in00000077175
005 20151008060549.0
008 810727s1981 paua b 00110ceng
010 |a  81009431  
020 |a 0877222304 
035 |a (OCoLC)07738439 
035 |9 AAJ6041AM 
039 0 |a 2  |b 3  |c 3  |d 3  |e 3 
040 |a DLC  |c DLC  |d TXA  |d UtOrBLW 
043 |a n-us--- 
049 |a TXAM  |c [1805191] 
050 0 0 |a CT275.A34  |b K34 1981 
082 0 |a 973.8/092/4  |a B  |2 19 
100 1 |a Kaledin, Eugenia. 
245 1 4 |a The education of Mrs. Henry Adams /  |c Eugenia Kaledin. 
264 1 |a Philadelphia :  |b Temple University Press,  |c 1981. 
300 |a xvii, 306 pages :  |b illustrations ;  |c 22 cm. 
336 |a text  |b txt  |2 rdacontent 
337 |a unmediated  |b n  |2 rdamedia 
338 |a volume  |b nc  |2 rdacarrier 
490 1 |a American civilization 
500 |a Includes index. 
504 |a Bibliography: pages [281]-293. 
600 1 0 |a Adams, Marian,  |d 1843-1885. 
600 1 0 |a Adams, Henry,  |d 1838-1918. 
650 0 |a Historians  |z United States  |v Biography. 
651 0 |a United States  |v Biography. 
830 0 |a American civilization. 
999 |a MARS 
999 f f |s 833b2cb2-c2d0-398f-85f6-3508926900ac  |i 2ac88ae9-a4a1-3ad3-ab91-792e5c3dc34b  |t 0 
952 f f |p ric  |a Texas A&M University  |b Rellis Campus  |c Joint Library Facility  |d Remote Storage  |t 0  |e CT275.A34 K34 1981  |h Library of Congress classification  |i unmediated -- volume  |m A14806094177 
998 f f |a CT275.A34 K34 1981  |t 0  |l Remote Storage